000 00711cam a22002293a 4500
001 18531
003 PGUSA
005 20140828083408.0
008 060607s2006||||xxu|||||s|||||000 1 eng d
040 _aPGUSA
_beng
042 _adc
050 4 _aPZ
100 1 _aWiggin, Kate Douglas Smith,
_d1856-1923
245 1 0 _aTimothy's Quest :
_bA Story for Anybody, Young or Old, Who Cares to Read It
_h[electronic resource] /
_cKate Douglas Smith Wiggin
260 _bProject Gutenberg,
_c2006
506 _aPublic domain in the USA.
516 _aElectronic text
653 _aOrphans -- Juvenile fiction
830 0 _aProject Gutenberg
_v18531
856 4 0 _uhttp://www.gutenberg.org/ebooks/18531
942 _cEB
999 _c247786
_d247786